000 00793nam a22002537a 4500
003 UA-OsUOA
001 59671
007 ta
008 20090414b un ||||| |||| 00| 0 ukr d
100 _aГлиняний В. П.
090 _a340.12(091)
_bГ54
942 _cBK
040 _aUA-OsUOA
_bukr
_cUA-OsUOA
_dUA-OsUOA
245 _aІсторія держави і права зарубіжних країн
_bНавчальний посібник
300 _a768 с.
955 _a2
041 _aukr
080 _a340.12(091)
020 _a966-7613-72-0
260 _aК.
_bІстина
_c2009
250 _nшосте
650 7 _a340 Право в цілому. Пропедевтика. Методи та допоміжні правничі науки
_2UDC
999 _c345762
_d345762